Sistema de Seguridad Social Integral

Detalles Bibliográficos
Formato: eBook
Lenguaje:español
Publicado: Bogot ̀: Editorial Nueva Legislacin̤, 2011
Materias:
Acceso en línea:Acceso restringido

MARC

LEADER 00000nam a22000007a 4500
005 20120928142716.0
007 cr|||| ||||
008 120928s2011 co |||||s|||| 00||0 spa d
020 |a 978-958-8371-52-8 
035 |a 6731 
040 |a vLex 
090 |c 3488  |d 3488 
245 1 0 |a Sistema de Seguridad Social Integral  |h [Recurso electrn̤ico] /  |c Jorge Enrique Chavarro Cadena  
256 |a servicio en ln̕ea 
260 |a Bogot ̀:  |b Editorial Nueva Legislacin̤,  |c 2011 
300 |a 1 recurso electrn̤ico 
506 1 |a Contenido solo disponible en los productos indicados  |d vLex Global   |d vLex Global (Academic Edition, excluding Law Schools)   |d vLex Global (U.S. Academic Edition, Law Schools)   |d vLex Global (U.S. Academic Edition, excluding Law Schools)   |d vLex Global (Academic Edition, Law Schools)  
650 0 4 |a Seguridad social  |z Colombia 
740 0 |a vLex Libros (Servicio en ln̕ea) 
856 4 0 |u http://vlex.com/source/sistema-seguridad-social-integral-6731  |z Acceso restringido 
942 |c BOOK 
999 0 |a Social security